000 00594nam a2200193Ia 4500
005 20260114185644.0
008 008 260114s9999 xx 000 0 eng d
020 _a9780755694976
037 _aEBOOK
040 _aCRL
_beng
_cCRL
041 _aeng
_2eng
084 _qCRL
100 _aCarolyne Larrington
_9872741
245 0 _aKing Arthur's Enchantresses Morgan and Her Sisters in Arthurian Tradition
260 _bBloomsbury
_c2014
856 _uhttps://doi.org/10.5040/9780755694976?locatt=label:secondary_bloomsburyCollections
942 _cEBOOK
999 _c1471689
_d1471689